<?xml version="1.0" encoding="UTF-8"?><?xml-stylesheet type="text/xsl" href="static/style.xsl"?><OAI-PMH xmlns="http://www.openarchives.org/OAI/2.0/" xmlns:xsi="http://www.w3.org/2001/XMLSchema-instance" xsi:schemaLocation="http://www.openarchives.org/OAI/2.0/ http://www.openarchives.org/OAI/2.0/OAI-PMH.xsd"><responseDate>2026-04-28T21:22:51Z</responseDate><request verb="GetRecord" identifier="oai:uvadoc.uva.es:10324/6149" metadataPrefix="marc">https://uvadoc.uva.es/oai/request</request><GetRecord><record><header><identifier>oai:uvadoc.uva.es:10324/6149</identifier><datestamp>2021-06-29T10:18:17Z</datestamp><setSpec>com_10324_38</setSpec><setSpec>col_10324_852</setSpec></header><metadata><record xmlns="http://www.loc.gov/MARC21/slim" xmlns:doc="http://www.lyncode.com/xoai" xmlns:xsi="http://www.w3.org/2001/XMLSchema-instance" xmlns:dcterms="http://purl.org/dc/terms/" xsi:schemaLocation="http://www.loc.gov/MARC21/slim http://www.loc.gov/standards/marcxml/schema/MARC21slim.xsd">
<leader>00925njm 22002777a 4500</leader>
<datafield tag="042" ind1=" " ind2=" ">
<subfield code="a">dc</subfield>
</datafield>
<datafield tag="720" ind1=" " ind2=" ">
<subfield code="a">Sánchez Quirce, María</subfield>
<subfield code="e">author</subfield>
</datafield>
<datafield tag="260" ind1=" " ind2=" ">
<subfield code="c">2014</subfield>
</datafield>
<datafield tag="520" ind1=" " ind2=" ">
<subfield code="a">Las mujeres suponen aproximadamente el 50% de la población mundial, sin embargo, la&#xd;
representación de éstas en la alta dirección empresarial dista mucho del 50%. Por ello,&#xd;
estudiamos las posibilidades que se pueden contemplar para que esa diferencia&#xd;
desaparezca o disminuya, viendo la legislación que se ha llevado a cabo en otros países&#xd;
del entorno así como en España desde la LOI de 2007. También se hace mención a la&#xd;
Propuesta de Directiva de la Comisión Europea, que busca encontrar una participación&#xd;
mínima del 40% del sexo menos representado.</subfield>
</datafield>
<datafield tag="024" ind2=" " ind1="8">
<subfield code="a">http://uvadoc.uva.es/handle/10324/6149</subfield>
</datafield>
<datafield ind1=" " ind2=" " tag="653">
<subfield code="a">Mujeres ejecutivas-España</subfield>
</datafield>
<datafield ind1=" " ind2=" " tag="653">
<subfield code="a">Sociedades-Derecho-España</subfield>
</datafield>
<datafield tag="245" ind1="0" ind2="0">
<subfield code="a">Mujeres en los Consejos de Administración de las Sociedades Mercantiles</subfield>
</datafield>
</record></metadata></record></GetRecord></OAI-PMH>